[Event "44th Bosna it"]
[Site "Sarajevo BIH"]
[Date "2014.05.31"]
[Round "2.12"]
[White "Kadric, Denis"]
[Black "Vrana, Frantisek"]
[Result "1-0"]
[WhiteElo "2479"]
[BlackElo "2250"]
[EventDate "2014.05.30"]
[PlyCount "69"]

1.e4 d5 2.exd5 Qxd5 3.Nf3 Nf6 4.Be2 Bf5 5.O-O e6 6.d4 c6 7.c4 Qa5 8.Nc3 
Bb4 9.Qb3 Nbd7 10.Bd2 O-O 11.Rfd1 Rfd8 12.h3 h6 13.Rac1 Rac8 14.Be1 Bh7 
15.Bf1 a6 16.c5 Bxc3 17.bxc3 Qc7 18.Nd2 Rb8 19.Nc4 Nd5 20.Qa3 b5 21.cxb6 
N5xb6 22.Nxb6 Rxb6 23.c4 Qf4 24.Ba5 Rdb8 25.Bxb6 Rxb6 26.Rc3 Nf6 27.c5 Rb8
28.Qxa6 Be4 29.Qe2 Bd5 30.a4 Rb4 31.a5 Ra4 32.a6 Ne4 33.Qe3 Qf6 34.Rc2 Qd8
35.Rb2 1-0

[Event "44th Bosna it"]
[Site "Sarajevo BIH"]
[Date "2014.05.31"]
[Round "2.13"]
[White "Nestorovic, Lazar"]
[Black "Kamberovic, Senad"]
[Result "1-0"]
[WhiteElo "2337"]
[BlackElo "2259"]
[EventDate "2014.05.30"]
[PlyCount "141"]

1.d4 d5 2.Nf3 Nf6 3.e3 g6 4.c4 c6 5.Nc3 Bg7 6.Bd3 O-O 7.O-O b6 8.b3 Bb7 9.
Ba3 Re8 10.cxd5 Nxd5 11.Ne2 Nd7 12.e4 Nc7 13.Rc1 Rc8 14.Bc4 b5 15.Bd3 a5 
16.Bb2 Ne6 17.Qd2 Qb6 18.Rfd1 Red8 19.Bc3 b4 20.Bb2 Nc7 21.Bc4 e6 22.Qf4 
Qa7 23.h4 Nb6 24.Bd3 Ne8 25.Ne5 Ba8 26.h5 Nf6 27.h6 Nh5 28.Qe3 Bh8 29.Qh3 
Qe7 30.Qg4 Nd7 31.Nf3 c5 32.Ba6 Rb8 33.Bd3 Rbc8 34.Ba6 Rb8 35.Ba1 Nhf6 36.
Qg5 Bxe4 37.dxc5 Nxc5 38.Rxd8+ Rxd8 39.Qxc5 Qxc5 40.Rxc5 Ng4 41.Rc1 Bxa1 
42.Rxa1 Nxh6 43.Ng5 Bc2 44.Rc1 Rd2 45.Nf3 Rd1+ 46.Rxd1 Bxd1 47.Ned4 a4 48.
Be2 Bxe2 49.Nxe2 axb3 50.axb3 Nf5 51.Ned4 Ne7 52.Nc2 Nd5 53.Ne5 f6 54.Nd3 
e5 55.Ndxb4 Nc3 56.Kf1 Kf7 57.Ke1 Ke6 58.Nd3 f5 59.Kd2 Ne4+ 60.Ke3 Nc3 61.
f3 h5 62.b4 g5 63.Kd2 Nb5 64.Nc5+ Kf6 65.Ne3 g4 66.Nd5+ Kg5 67.Ke3 Nd6 68.
Ne6+ Kh4 69.Kf2 f4 70.Ne7 gxf3 71.Kxf3 1-0

[Event "44th Bosna it"]
[Site "Sarajevo BIH"]
[Date "2014.05.31"]
[Round "2.14"]
[White "Trkulja, Goran"]
[Black "Dizdarevic, Emir"]
[Result "0-1"]
[WhiteElo "2363"]
[BlackElo "2509"]
[EventDate "2014.05.30"]
[PlyCount "88"]

1.e4 e6 2.d4 d5 3.Nc3 Bb4 4.e5 Ne7 5.a3 Bxc3+ 6.bxc3 b6 7.Qg4 Kf8 8.a4 c5 
9.Qd1 Qc7 10.Nf3 h6 11.h4 Ba6 12.Bb5 Bxb5 13.axb5 a6 14.O-O Qb7 15.Qe2 Kg8
16.h5 Kh7 17.Qd3+ g6 18.hxg6+ fxg6 19.Nh2 Kg7 20.Qh3 Qc8 21.Ng4 Ng8 22.Ne3
Qe8 23.Rd1 c4 24.bxa6 Rxa6 25.Rxa6 Nxa6 26.Ba3 Nb8 27.Bd6 Nd7 28.Ra1 Rh7 
29.Ra7 Kh8 30.Rc7 g5 31.Bb4 Ndf6 32.Rxh7+ Nxh7 33.Qf3 h5 34.Qd1 g4 35.f4 
gxf3 36.Qxf3 Ng5 37.Qf4 Qg6 38.Kh2 Kh7 39.Qh4 Kg7 40.Nf1 Ne4 41.Ne3 Nh6 
42.Be7 Ng4+ 43.Nxg4 Qxg4 44.Qxg4+ hxg4 0-1

[Event "44th Bosna it"]
[Site "Sarajevo BIH"]
[Date "2014.05.31"]
[Round "2.16"]
[White "Karger, Frank"]
[Black "Kalezic, Blazo"]
[Result "0-1"]
[WhiteElo "2293"]
[BlackElo "2423"]
[EventDate "2014.05.30"]
[PlyCount "46"]

1.d4 d5 2.c4 c6 3.Nf3 Nf6 4.Qc2 dxc4 5.Qxc4 b5 6.Qc2 Bb7 7.g3 e6 8.Bg2 
Nbd7 9.O-O c5 10.a4 b4 11.Bg5 Rc8 12.dxc5 Bxc5 13.Qd1 h6 14.Bf4 Qe7 15.Ne1
Bxg2 16.Kxg2 e5 17.Bc1 a5 18.Nd2 Ba7 19.Nb3 Bb6 20.Qd3 O-O 21.Qf5 Qd6 22.
e4 Rc4 23.Nd2 Rxc1 0-1

[Event "44th Bosna it"]
[Site "Sarajevo BIH"]
[Date "2014.05.31"]
[Round "2.17"]
[White "Kohlweyer, Bernd"]
[Black "Rasidovic, Sead"]
[Result "1-0"]
[WhiteElo "2422"]
[BlackElo "2338"]
[EventDate "2014.05.30"]
[PlyCount "141"]

1.d4 d5 2.c4 c6 3.Nf3 Nf6 4.e3 e6 5.b3 Nbd7 6.Bb2 Ne4 7.Bd3 Bb4+ 8.Nbd2 f5
9.Qc2 O-O 10.O-O g5 11.a3 Ba5 12.b4 Bc7 13.Nb3 Qf6 14.Nc5 Nexc5 15.dxc5 
Qh6 16.g3 g4 17.Nh4 Ne5 18.Be2 Nxc4 19.Bxc4 dxc4 20.Qxc4 Rf7 21.e4 f4 22.
e5 Bd7 23.Rad1 Raf8 24.Rfe1 Bc8 25.Re4 Bd8 26.Ng2 fxg3 27.Rxg4+ Kh8 28.
fxg3 b5 29.Qc2 Bg5 30.Bc1 Bxc1 31.Qxc1 Qxc1 32.Rxc1 Rd8 33.Rf4 Kg8 34.Rxf7
Kxf7 35.Nf4 Rd4 36.Rc3 Re4 37.Nd3 Ke7 38.Kf2 Bd7 39.Kf3 Rd4 40.Ke3 Rd5 41.
Ke4 Be8 42.Nf4 Rd1 43.g4 Re1+ 44.Re3 Rc1 45.Rh3 Rc4+ 46.Ke3 Bg6 47.Nxg6+ 
hxg6 48.Rh7+ Kd8 49.Kf3 g5 50.Rg7 Rc3+ 51.Kf2 Rc2+ 52.Ke3 Rxh2 53.Rxg5 
Rh3+ 54.Kf4 Rxa3 55.Rg8+ Ke7 56.Rg7+ Kf8 57.Rc7 Ra4 58.Kg5 Rxb4 59.Rxa7 
Ra4 60.Rc7 Re4 61.Kf6 Rf4+ 62.Kxe6 Rxg4 63.Kd6 Rd4+ 64.Kxc6 b4 65.Rb7 Ke8 
66.Rb5 Kd8 67.Kb6 Kc8 68.c6 Rd3 69.Ra5 Ra3 70.Rxa3 bxa3 71.e6 1-0

[Event "44th Bosna it"]
[Site "Sarajevo BIH"]
[Date "2014.05.31"]
[Round "2.18"]
[White "Mrsevic, Miroslav"]
[Black "Ali Marandi, Cemil Can"]
[Result "0-1"]
[WhiteElo "2273"]
[BlackElo "2383"]
[EventDate "2014.05.30"]
[PlyCount "80"]

1.e4 e5 2.Nf3 Nc6 3.d3 Nf6 4.Be2 Be7 5.c3 h6 6.b4 a6 7.a3 d5 8.Qc2 Be6 9.
Bb2 O-O 10.Nbd2 Bd6 11.c4 d4 12.c5 Be7 13.Nc4 Nd7 14.Bc1 b6 15.cxb6 cxb6 
16.Bd2 Rc8 17.Qb1 b5 18.Nb2 a5 19.Nd1 axb4 20.axb4 Bd6 21.O-O Qe7 22.Ra6 
Ndb8 23.Ra1 Rfe8 24.h3 Bxb4 25.Bxb4 Nxb4 26.Ra5 Bd7 27.Nxe5 Qxe5 28.Qxb4 
Nc6 29.Qxb5 Nxa5 30.Qxd7 Nb3 31.f4 Qc7 32.Qg4 Nc1 33.f5 Qc2 34.Bf3 Nxd3 
35.f6 g6 36.Qh4 Qd2 37.Bg4 Rc2 38.Qg3 Ne5 39.Nf2 Qe3 40.Bf3 Nd3 0-1

[Event "44th Bosna it"]
[Site "Sarajevo BIH"]
[Date "2014.05.31"]
[Round "2.19"]
[White "Burovic, Ismet"]
[Black "Sutkovic, Damir"]
[Result "1-0"]
[WhiteElo "2374"]
[BlackElo "2326"]
[EventDate "2014.05.30"]
[PlyCount "85"]

1.e4 c6 2.d3 d5 3.Nd2 e5 4.Ngf3 Bd6 5.g3 Nf6 6.Bg2 O-O 7.O-O Nbd7 8.Re1 
Re8 9.c3 Qc7 10.Qc2 a5 11.a4 b6 12.h3 Ba6 13.Nh4 Bf8 14.Nb3 dxe4 15.dxe4 
Nc5 16.Nxc5 Bxc5 17.Bg5 Nd7 18.Rad1 Nf8 19.Nf5 Ne6 20.Bc1 Rad8 21.Bf1 Bxf1
22.Kxf1 g6 23.Ne3 Kg7 24.Rxd8 Rxd8 25.Rd1 h5 26.h4 b5 27.Rxd8 Qxd8 28.axb5
Bxe3 29.Bxe3 cxb5 30.Ke2 Qc7 31.Qd3 Qc4 32.Kd2 Qb3 33.Kc1 Qa2 34.Qd5 Qxd5 
35.exd5 Nf8 36.b3 f6 37.c4 bxc4 38.bxc4 Kf7 39.c5 Ke7 40.c6 Kd6 41.Bc5+ 
Kxd5 42.Bxf8 Kxc6 43.Bg7 1-0

[Event "44th Bosna it"]
[Site "Sarajevo BIH"]
[Date "2014.05.31"]
[Round "2.20"]
[White "Draganic, Veljko"]
[Black "Bistric, Faruk"]
[Result "1-0"]
[WhiteElo "2253"]
[BlackElo "2363"]
[EventDate "2014.05.30"]
[PlyCount "65"]

1.e4 c5 2.Nf3 d6 3.d4 cxd4 4.Nxd4 Nf6 5.Nc3 h6 6.Be3 Nc6 7.f3 e5 8.Nb3 Be7
9.Qd2 O-O 10.O-O-O a5 11.Kb1 a4 12.Nc1 a3 13.b3 Nb4 14.Nd3 d5 15.Nxe5 Be6 
16.Nxd5 Nbxd5 17.exd5 Nxd5 18.Bc4 Bb4 19.Qxb4 Nxb4 20.Rxd8 Rfxd8 21.Bxe6 
fxe6 22.Re1 Rac8 23.c4 b5 24.Bc1 Nc6 25.Nxc6 Rxc6 26.cxb5 Rb6 27.Bxa3 Rd2 
28.Bc1 Rxg2 29.a4 Rd6 30.Re3 Kf7 31.Rc3 Ke8 32.a5 Rd7 33.a6 1-0

[Event "44th Bosna it"]
[Site "Sarajevo BIH"]
[Date "2014.06.01"]
[Round "3.2"]
[White "Rakhmanov, Aleksandr"]
[Black "Kovacevic, Aleksandar"]
[Result "1-0"]
[WhiteElo "2610"]
[BlackElo "2560"]
[EventDate "2014.05.30"]
[PlyCount "113"]

1.Nf3 c5 2.g3 Nc6 3.Bg2 g6 4.c3 Bg7 5.d4 cxd4 6.cxd4 d5 7.Nc3 e6 8.O-O 
Nge7 9.e3 O-O 10.Bd2 b6 11.Qa4 Bd7 12.Qa3 Re8 13.Rfc1 Nf5 14.Be1 Bf8 15.
Qa6 Nd6 16.Qe2 Rc8 17.b3 f5 18.Qb2 b5 19.Ne2 g5 20.Ne5 Nxe5 21.dxe5 Nf7 
22.Rxc8 Qxc8 23.f4 b4 24.Nd4 Qb7 25.h3 Bc5 26.Rd1 Qb6 27.g4 fxg4 28.hxg4 
Rf8 29.Bg3 gxf4 30.exf4 Nd8 31.Kh2 Nc6 32.Nxc6 Bxc6 33.Qc2 Be3 34.f5 Bd7 
35.f6 Rc8 36.Qe2 Bb5 37.Qf3 Be8 38.Rf1 Bf7 39.Bf4 Rc3 40.Qe2 Qd4 41.Bg3 
Qd3 42.Qf3 Qg6 43.Qe2 Qd3 44.Qxd3 Rxd3 45.Rf3 Bg6 46.Bf4 Bxf4+ 47.Rxf4 a5 
48.Rf1 Re3 49.Rc1 Rxe5 50.Rc7 Re2 51.Kg3 Rxa2 52.g5 Re2 53.Ra7 d4 54.Ra8+ 
Kf7 55.Bc6 Be4 56.Be8+ Kf8 57.Rb8 1-0

[Event "44th Bosna it"]
[Site "Sarajevo BIH"]
[Date "2014.06.01"]
[Round "3.3"]
[White "Gleizerov, Evgeny"]
[Black "Bok, Benjamin"]
[Result "1-0"]
[WhiteElo "2541"]
[BlackElo "2605"]
[EventDate "2014.05.30"]
[PlyCount "59"]

1.d4 Nf6 2.c4 g6 3.Nc3 d5 4.cxd5 Nxd5 5.Bd2 Nb6 6.e3 Bg7 7.f4 c5 8.dxc5 
N6d7 9.Ne4 Bxb2 10.Rb1 Bg7 11.Nf3 O-O 12.Bc4 Nf6 13.Nxf6+ Bxf6 14.e4 e5 
15.fxe5 Bg7 16.O-O Nc6 17.Bc3 Qxd1 18.Rfxd1 Nd8 19.Ba5 Ne6 20.Bd5 Bh6 21.
Kf2 Bd7 22.Bxb7 Ba4 23.Bxa8 Rxa8 24.Rd5 Bc2 25.Rb4 Nf4 26.c6 Bxe4 27.c7 
Bxd5 28.Rb8+ Kg7 29.Rxa8 Nd3+ 30.Kf1 1-0

[Event "44th Bosna it"]
[Site "Sarajevo BIH"]
[Date "2014.06.01"]
[Round "3.4"]
[White "Stojanovic, Dalibor"]
[Black "Palac, Mladen"]
[Result "1/2-1/2"]
[WhiteElo "2493"]
[BlackElo "2569"]
[EventDate "2014.05.30"]
[PlyCount "27"]

1.e4 c5 2.Nf3 d6 3.Bb5+ Nd7 4.d4 cxd4 5.Qxd4 a6 6.Bxd7+ Bxd7 7.O-O Rc8 8.
c4 Qc7 9.b3 b5 10.Na3 e5 11.Qd3 Qb7 12.Re1 Nf6 13.Nd2 Be7 14.Nf1 1/2-1/2

[Event "44th Bosna it"]
[Site "Sarajevo BIH"]
[Date "2014.06.01"]
[Round "3.5"]
[White "Yilmaz, Mustafa"]
[Black "Kadric, Denis"]
[Result "1-0"]
[WhiteElo "2564"]
[BlackElo "2479"]
[EventDate "2014.05.30"]
[PlyCount "187"]

1.c4 e5 2.Nc3 d6 3.g3 f5 4.Bg2 Be7 5.d3 Nf6 6.f4 c6 7.Nf3 e4 8.dxe4 Nxe4 
9.Qd3 Nxc3 10.Qxc3 O-O 11.Be3 Nd7 12.Rd1 Nf6 13.O-O Qe8 14.Rfe1 h6 15.Qb3 
Qf7 16.Qc2 Re8 17.Bd4 Ne4 18.Nd2 Nxd2 19.Rxd2 Bf8 20.b3 Be6 21.Bf3 a6 22.
Red1 Rad8 23.Bf2 g6 24.Bd4 Rd7 25.Kf2 d5 26.c5 g5 27.Qc3 Be7 28.Rd3 Qg6 
29.Ke1 Bf8 30.Kd2 Bf7 31.Re3 Rxe3 32.Qxe3 Re7 33.Qc3 Be6 34.Rg1 Bc8 35.h4 
g4 36.Bg2 Qe6 37.Re1 Re8 38.Qd3 Kf7 39.Rc1 Bg7 40.Bxg7 Kxg7 41.Qd4+ Kf7 
42.e3 Qf6 43.Qxf6+ Kxf6 44.Bf1 Ke7 45.Bd3 Kd8 46.Re1 Bd7 47.Kc3 Ke7 48.Re2
Rf8 49.Rb2 Re8 50.Kd4 Ke6 51.b4 Rf8 52.Rb3 Ra8 53.Ra3 Re8 54.Ra5 Kf6 55.
Bc2 Re7 56.Ra3 Re8 57.Rb3 Ke6 58.Bd3 Rf8 59.Kc3 Re8 60.Bc2 Kf6 61.Kb2 Ke7 
62.Kc3 Kf6 63.Kd4 Ke6 64.Bd3 Rf8 65.a4 Ra8 66.Kc3 Ra7 67.Kb2 Ra8 68.Ra3 
Ke7 69.Rb3 Ke6 70.b5 axb5 71.axb5 Ra5 72.bxc6 Bxc6 73.Ra3 Rxc5 74.Ra8 Kf7 
75.Rh8 Kg7 76.Rd8 Kf7 77.Rd6 Bb5 78.Bxf5 d4 79.Bg6+ Ke7 80.Rxd4 Bc6 81.Bd3
Bf3 82.e4 Rc6 83.Rb4 b6 84.Rd4 Rc5 85.Bc4 Ra5 86.Bb3 Rb5 87.e5 h5 88.Kc3 
Ra5 89.Ra4 Rc5+ 90.Rc4 Ra5 91.Rc7+ Kd8 92.Rh7 Ra1 93.f5 Ra5 94.Rh8+ 1-0

[Event "44th Bosna it"]
[Site "Sarajevo BIH"]
[Date "2014.06.01"]
[Round "3.6"]
[White "Jovanovic, Zoran"]
[Black "Toth, Aleksandar"]
[Result "1-0"]
[WhiteElo "2546"]
[BlackElo "2304"]
[EventDate "2014.05.30"]
[PlyCount "45"]

1.e4 e5 2.Nf3 Nc6 3.Bc4 Bc5 4.c3 Nf6 5.d3 d6 6.Bb3 a6 7.O-O Ba7 8.Be3 Bxe3
9.fxe3 O-O 10.Nbd2 Be6 11.Bc2 Qe7 12.Qe1 Nb8 13.d4 Bd7 14.Qh4 c5 15.h3 Nc6
16.d5 Na7 17.Rf2 Rae8 18.Raf1 Bc8 19.Ng5 h6 20.Rxf6 hxg5 21.Qxg5 Kh7 22.
Bd1 Nb5 23.Bh5 1-0

[Event "44th Bosna it"]
[Site "Sarajevo BIH"]
[Date "2014.06.01"]
[Round "3.7"]
[White "Solomunovic, Igor"]
[Black "Bosiocic, Marin"]
[Result "1/2-1/2"]
[WhiteElo "2448"]
[BlackElo "2542"]
[EventDate "2014.05.30"]
[PlyCount "28"]

1.e4 e5 2.Nf3 Nc6 3.Bb5 Nf6 4.d3 Bc5 5.c3 O-O 6.O-O d6 7.Be3 Bxe3 8.fxe3 
Ne7 9.Nbd2 Ng6 10.Ba4 c6 11.Qe1 a5 12.Bc2 d5 13.exd5 cxd5 14.h3 Ra6 
1/2-1/2

[Event "44th Bosna it"]
[Site "Sarajevo BIH"]
[Date "2014.06.01"]
[Round "3.8"]
[White "Nestorovic, Lazar"]
[Black "Kurajica, Bojan"]
[Result "0-1"]
[WhiteElo "2337"]
[BlackElo "2499"]
[EventDate "2014.05.30"]
[PlyCount "72"]

1.e4 c5 2.Nc3 a6 3.Nf3 b5 4.d4 cxd4 5.Nxd4 Bb7 6.Bd3 Nc6 7.Nxc6 dxc6 8.e5 
e6 9.Ne4 Qd5 10.Bf4 c5 11.f3 c4 12.Be2 Qxd1+ 13.Rxd1 Bxe4 14.fxe4 Ne7 15.
a4 Nc6 16.axb5 axb5 17.b3 Bb4+ 18.Kf1 Bc3 19.bxc4 b4 20.Bd3 Ra2 21.h4 O-O 
22.Kg1 Bxe5 23.Be3 Rd8 24.Rh3 Bd4 25.Bxd4 Rxd4 26.Re3 Ra3 27.Ree1 Rc3 28.
e5 g6 29.h5 b3 30.h6 bxc2 31.Bxc2 Rxc2 32.Rxd4 Nxd4 33.Ra1 Rc1+ 34.Rxc1 
Ne2+ 35.Kf2 Nxc1 36.Ke3 Nb3 0-1

[Event "44th Bosna it"]
[Site "Sarajevo BIH"]
[Date "2014.06.01"]
[Round "3.9"]
[White "Ali Marandi, Cemil Can"]
[Black "Djukic, Nikola"]
[Result "1/2-1/2"]
[WhiteElo "2383"]
[BlackElo "2534"]
[EventDate "2014.05.30"]
[PlyCount "69"]

1.e4 d5 2.exd5 Qxd5 3.Nc3 Qd8 4.d4 Nf6 5.Nf3 Bg4 6.h3 Bxf3 7.Qxf3 c6 8.Be3
e6 9.Bd3 Nbd7 10.O-O Bd6 11.Rad1 O-O 12.Rfe1 Re8 13.Ne4 Nxe4 14.Bxe4 Nf6 
15.Bd3 Nd5 16.Bd2 b5 17.c3 g6 18.b3 Qf6 19.Be4 Qxf3 20.Bxf3 Rac8 21.c4 Ne7
22.Bg5 Bb4 23.Re2 bxc4 24.bxc4 Nf5 25.c5 Ba5 26.g4 Ne7 27.Bxe7 Rxe7 28.Re3
Bd8 29.Kf1 Rd7 30.Ra3 Bf6 31.Ra6 Rxd4 32.Rxd4 Bxd4 33.Rxa7 Bxc5 34.Ra6 Rc7
35.Rxc6 1/2-1/2

[Event "44th Bosna it"]
[Site "Sarajevo BIH"]
[Date "2014.06.01"]
[Round "3.10"]
[White "Dizdarevic, Emir"]
[Black "Burovic, Ismet"]
[Result "1-0"]
[WhiteElo "2509"]
[BlackElo "2374"]
[EventDate "2014.05.30"]
[PlyCount "87"]

1.Nf3 g6 2.g3 Bg7 3.d4 d6 4.Bg2 e5 5.dxe5 dxe5 6.Qxd8+ Kxd8 7.Bd2 f6 8.Nc3
c6 9.Ne4 Kc7 10.O-O-O Na6 11.Ne1 Bg4 12.f3 Bf5 13.f4 Bh6 14.Nd3 exf4 15.
gxf4 Re8 16.Ndf2 Be6 17.e3 Bd5 18.c4 Bxc4 19.Ba5+ b6 20.Nd6 Re6 21.Nxc4 
bxa5 22.Rd3 Nb4 23.Rb3 Ne7 24.Ne4 Na6 25.Ra3 f5 26.Rxa5 fxe4 27.Rxa6 Kb7 
28.Ra5 Nd5 29.Kb1 Bg7 30.Rc1 Rd8 31.a3 Nb6 32.Rc5 Na4 33.Rg5 Bf6 34.Rg3 
Rd5 35.Rc2 Nb6 36.Nd2 Rh5 37.Nxe4 Be7 38.Bf3 Rb5 39.Nc3 Ra5 40.Bg4 Rf6 41.
Rg1 Rc5 42.b4 Rxc3 43.Rxc3 Nd5 44.Rd3 1-0

[Event "44th Bosna it"]
[Site "Sarajevo BIH"]
[Date "2014.06.01"]
[Round "3.11"]
[White "Ulibin, Mikhail"]
[Black "Bojovic, Dusan"]
[Result "1/2-1/2"]
[WhiteElo "2498"]
[BlackElo "2285"]
[EventDate "2014.05.30"]
[PlyCount "120"]

1.e4 c5 2.Nf3 e6 3.c3 Nf6 4.e5 Nd5 5.d4 cxd4 6.cxd4 b6 7.Nc3 Nxc3 8.bxc3 
Qc7 9.Bd2 Bb7 10.Ng5 h6 11.Qh5 g6 12.Qh4 Be7 13.Qh3 d6 14.Bb5+ Nd7 15.O-O 
a6 16.exd6 Qxd6 17.Bd3 Nf6 18.Rfe1 hxg5 19.Qxh8+ Kd7 20.Qh3 g4 21.Qh6 Qd5 
22.Bf1 Ne4 23.Bf4 Bf6 24.Be5 Bxe5 25.dxe5 Qxe5 26.Qe3 Qxc3 27.Qxb6 Bd5 28.
Rad1 Ke7 29.Rc1 Qd2 30.Rc7+ Kf6 31.Qe3 Qxe3 32.Rxe3 Rb8 33.f3 Nd2 34.Be2 
Rb1+ 35.Kf2 gxf3 36.gxf3 Rb2 37.a3 Nb3 38.Rd3 Ra2 39.Ke3 Rxa3 40.Bd1 a5 
41.Ra7 a4 42.Rc3 Ra2 43.Bc2 e5 44.Ra6+ Kg5 45.Rd6 Be6 46.Rd1 Nd4 47.f4+ 
Kh6 48.Bd3 Rxh2 49.fxe5 Nf5+ 50.Bxf5 Bxf5 51.Ra1 Rh4 52.Rc5 Be6 53.Ra5 Bb3
54.Rg1 Be6 55.Ra1 Bb3 56.Rg1 Rh3+ 57.Kf4 Be6 58.Ra8 Rh4+ 59.Ke3 Kg7 60.Ra1
Bb3 1/2-1/2

[Event "44th Bosna it"]
[Site "Sarajevo BIH"]
[Date "2014.06.01"]
[Round "3.12"]
[White "Draganic, Veljko"]
[Black "Sebenik, Matej"]
[Result "0-1"]
[WhiteElo "2253"]
[BlackElo "2497"]
[EventDate "2014.05.30"]
[PlyCount "102"]

1.e4 c5 2.Nf3 d6 3.d4 cxd4 4.Nxd4 Nf6 5.Nc3 g6 6.Be3 Bg7 7.f3 Nc6 8.Qd2 
O-O 9.Bc4 Bd7 10.O-O-O Rb8 11.Bb3 Na5 12.h4 b5 13.h5 Nc4 14.Bxc4 bxc4 15.
Bh6 Qb6 16.b3 Bxh6 17.Qxh6 Qa5 18.Kb2 Rfc8 19.Qe3 Qe5 20.hxg6 fxg6 21.Nde2
a5 22.Qd4 Qxd4 23.Rxd4 a4 24.Rhd1 Rb7 25.Rb1 axb3 26.cxb3 Be6 27.Kc2 cxb3+
28.axb3 d5 29.Kd2 dxe4 30.fxe4 Rxb3 31.Rxb3 Bxb3 32.e5 Nh5 33.Rd7 Kf8 34.
Nd4 Bc4 35.Ne4 Ng7 36.g4 Be6 37.Nxe6+ Nxe6 38.Ke3 Ra8 39.Rd5 Ra3+ 40.Kf2 
Kf7 41.Rb5 h6 42.Rb7 Nf4 43.Nd6+ Ke6 44.Nc4 Rc3 45.Ne3 Nd3+ 46.Kf3 Nxe5+ 
47.Ke4 Nd7 48.Ra7 Nf6+ 49.Kd4 Rc1 50.Ra6+ Kf7 51.Ra7 Rg1 0-1

[Event "44th Bosna it"]
[Site "Sarajevo BIH"]
[Date "2014.06.01"]
[Round "3.13"]
[White "Kalezic, Blazo"]
[Black "Louis, Thibault"]
[Result "1/2-1/2"]
[WhiteElo "2423"]
[BlackElo "2242"]
[EventDate "2014.05.30"]
[PlyCount "54"]

1.e4 e6 2.d3 d5 3.Nd2 Nf6 4.Ngf3 b6 5.e5 Nfd7 6.d4 c5 7.c3 Be7 8.Bd3 Ba6 
9.Bxa6 Nxa6 10.Qe2 Qc8 11.a3 Nab8 12.O-O O-O 13.Rd1 Nc6 14.Nf1 Qc7 15.Ng5 
cxd4 16.cxd4 Na5 17.Qd3 Bxg5 18.Bxg5 f6 19.Rac1 Qd8 20.exf6 Nxf6 21.Ne3 
Qd6 22.Bxf6 Rxf6 23.Ng4 Rff8 24.Ne5 Rac8 25.h4 Nc4 26.Nxc4 dxc4 27.Rxc4 
Qf4 1/2-1/2

[Event "44th Bosna it"]
[Site "Sarajevo BIH"]
[Date "2014.06.01"]
[Round "3.14"]
[White "Markoja, Boris"]
[Black "Kohlweyer, Bernd"]
[Result "1/2-1/2"]
[WhiteElo "2164"]
[BlackElo "2422"]
[EventDate "2014.05.30"]
[PlyCount "39"]

1.c4 c5 2.g3 g6 3.Bg2 Bg7 4.Nc3 Nc6 5.Nf3 b6 6.O-O Bb7 7.e3 Bxc3 8.bxc3 
Qc7 9.e4 d6 10.Re1 O-O-O 11.d3 h6 12.d4 e5 13.Qa4 Kb8 14.Rb1 a5 15.d5 Nce7
16.h3 Bc8 17.Nd2 Nf6 18.Nf1 Nh5 19.Ne3 Ng7 20.Rb2 1/2-1/2

[Event "44th Bosna it"]
[Site "Sarajevo BIH"]
[Date "2014.06.01"]
[Round "3.15"]
[White "Mestrovic, Zvonimir"]
[Black "Dastan, Muhammed Batuhan"]
[Result "1/2-1/2"]
[WhiteElo "2301"]
[BlackElo "2439"]
[EventDate "2014.05.30"]
[PlyCount "94"]

1.d4 d5 2.Nc3 Nf6 3.Bg5 c5 4.Bxf6 gxf6 5.e3 e6 6.Qh5 cxd4 7.exd4 Bb4 8.Bd3
f5 9.Nf3 Nd7 10.O-O Nf6 11.Qh3 Bd7 12.Ne5 Rc8 13.Nxd7 Nxd7 14.Rfe1 Bxc3 
15.bxc3 Rxc3 16.Qxf5 Qe7 17.Qf4 Qf6 18.Qd6 Qe7 19.Qg3 Kf8 20.Rab1 b6 21.a4
Qf6 22.Qe3 Ra3 23.Ra1 Qe7 24.Qg3 Rc3 25.a5 b5 26.a6 Qf6 27.Rab1 Qxd4 28.
Rxb5 Ke7 29.Rb7 Rhc8 30.Qg5+ Kd6 31.h3 R3c7 32.Qg3+ Ne5 33.Bxh7 f5 34.Qa3+
Qc5 35.Qg3 Qc3 36.Re3 Qd4 37.Re1 Qc3 38.Qxc3 Rxc3 39.Rxa7 Rxc2 40.Rb7 Rc1 
41.Rb6+ R1c6 42.Rxc6+ Nxc6 43.Bg6 Ra8 44.Ra1 Nb4 45.a7 Nc6 46.h4 Rxa7 47.
Rxa7 Nxa7 1/2-1/2

[Event "44th Bosna it"]
[Site "Sarajevo BIH"]
[Date "2014.06.01"]
[Round "3.16"]
[White "Nestorovic, Dejan"]
[Black "Kamberovic, Senad"]
[Result "1/2-1/2"]
[WhiteElo "2432"]
[BlackElo "2259"]
[EventDate "2014.05.30"]
[PlyCount "75"]

1.d4 d5 2.c4 c6 3.Nf3 Nf6 4.Nc3 dxc4 5.a4 a5 6.e4 Bg4 7.Bxc4 e6 8.Be3 Bb4 
9.Qc2 Nbd7 10.O-O O-O 11.Rad1 Rc8 12.Bg5 Qc7 13.e5 Nd5 14.Bd3 h6 15.Bd2 
Bxf3 16.gxf3 f5 17.f4 N7b6 18.Rc1 Qe7 19.Qd1 Qh4 20.Qf3 Nxa4 21.Nxd5 Bxd2 
22.Rc2 cxd5 23.Rxd2 Nb6 24.Ra1 a4 25.Rc2 Rxc2 26.Bxc2 Qg4+ 27.Qg3 Rc8 28.
Bd3 Nc4 29.Qxg4 fxg4 30.Ra2 Rf8 31.f5 exf5 32.Bxc4 dxc4 33.Rxa4 b5 34.Ra5 
Rd8 35.Rxb5 Rxd4 36.e6 Re4 37.Rxf5 Rxe6 38.Rf4 1/2-1/2

[Event "44th Bosna it"]
[Site "Sarajevo BIH"]
[Date "2014.06.01"]
[Round "3.17"]
[White "Marjanovic, Dejan"]
[Black "Kiroski, Toni"]
[Result "1-0"]
[WhiteElo "2330"]
[BlackElo "2327"]
[EventDate "2014.05.30"]
[PlyCount "47"]

1.d4 d5 2.Nf3 c6 3.Bf4 Bf5 4.e3 Nf6 5.c4 e6 6.Qb3 Qb6 7.Nc3 Nbd7 8.h3 h6 
9.c5 Qxb3 10.axb3 g5 11.Bh2 Be7 12.b4 O-O 13.b5 Ne4 14.bxc6 bxc6 15.Ba6 
Nexc5 16.dxc5 Nxc5 17.Nd4 Bd3 18.Bxd3 Nxd3+ 19.Ke2 Nxb2 20.Nxc6 Bc5 21.Na4
Nxa4 22.Rxa4 Rfc8 23.Ra6 Bb6 24.Ne7+ 1-0

[Event "44th Bosna it"]
[Site "Sarajevo BIH"]
[Date "2014.06.01"]
[Round "3.18"]
[White "Vrana, Frantisek"]
[Black "Trkulja, Goran"]
[Result "1/2-1/2"]
[WhiteElo "2250"]
[BlackElo "2363"]
[EventDate "2014.05.30"]
[PlyCount "88"]

1.Nf3 d5 2.d4 Nc6 3.Bf4 Bg4 4.Nbd2 e6 5.e3 Bd6 6.Bg3 Nf6 7.Bb5 O-O 8.c4 
Ne7 9.c5 Bxg3 10.hxg3 h6 11.Qc2 Bf5 12.Bd3 Bxd3 13.Qxd3 Nc6 14.Rc1 Qe7 15.
Ne5 Nxe5 16.dxe5 Nd7 17.Qd4 c6 18.Nf3 f6 19.O-O Nxe5 20.Nxe5 fxe5 21.Qxe5 
Qf6 22.Qxf6 gxf6 23.g4 e5 24.f3 Rad8 25.Rcd1 Kf7 26.Kf2 Kg6 27.Rh1 Rd7 28.
Rh4 f5 29.Rdh1 Rh7 30.gxf5+ Rxf5 31.Ra4 a6 32.Rhh4 Rf6 33.Rag4+ Kf7 34.Rh5
e4 35.f4 Rg6 36.Rf5+ Kg7 37.Rh4 Rh8 38.Re5 Rf8 39.Rhh5 Rf7 40.Re8 Kh7 41.
g3 Rfg7 42.Rh3 Rd7 43.Ke2 Rdg7 44.Kf2 Rd7 1/2-1/2

[Event "44th Bosna it"]
[Site "Sarajevo BIH"]
[Date "2014.06.01"]
[Round "3.19"]
[White "Bistric, Faruk"]
[Black "Karger, Frank"]
[Result "1-0"]
[WhiteElo "2363"]
[BlackElo "2293"]
[EventDate "2014.05.30"]
[PlyCount "43"]

1.e4 c5 2.d4 cxd4 3.Qxd4 Nc6 4.Qd3 Nf6 5.Nc3 g6 6.Nge2 Bg7 7.Nf4 d6 8.Be2 
O-O 9.O-O Ng4 10.Qg3 Nge5 11.Be3 Bd7 12.h4 h6 13.Rad1 Kh7 14.Bc1 Rc8 15.
Nfd5 Be6 16.f4 Nd7 17.h5 Nd4 18.Bd3 Nc5 19.f5 Bxd5 20.hxg6+ Kh8 21.Nxd5 
Nxd3 22.Qxd3 1-0

[Event "44th Bosna it"]
[Site "Sarajevo BIH"]
[Date "2014.06.01"]
[Round "3.20"]
[White "Rasidovic, Sead"]
[Black "Mrsevic, Miroslav"]
[Result "0-1"]
[WhiteElo "2338"]
[BlackElo "2273"]
[EventDate "2014.05.30"]
[PlyCount "134"]

1.e4 d6 2.d4 Nf6 3.Nc3 e5 4.dxe5 dxe5 5.Qxd8+ Kxd8 6.Nf3 Bd6 7.Be3 a6 8.
O-O-O Nbd7 9.Bg5 Ke8 10.Nh4 h6 11.Bd2 Nc5 12.f3 g6 13.Be3 b6 14.g3 Kf8 15.
Bc4 Kg7 16.a3 Rb8 17.b4 Ncd7 18.Rhf1 a5 19.Nb5 Be7 20.Na7 Bb7 21.Bb5 Ra8 
22.Nc6 Bd6 23.Kb2 Nb8 24.Nxb8 Rhxb8 25.c3 Be7 26.Ng2 c6 27.Be2 Bc8 28.Bc4 
Ne8 29.f4 axb4 30.fxe5 bxc3+ 31.Kc2 f5 32.g4 Ra4 33.exf5 Rxc4 34.f6+ Nxf6 
35.exf6+ Bxf6 36.Bxh6+ Kxh6 37.Rxf6 Rxg4 38.Ne3 Re4 39.Rd3 Ba6 40.Rxc3 
Rbe8 41.Rf3 Bb5 42.Rg3 c5 43.Ng4+ Kg7 44.Rce3 Bd7 45.Rxe4 Rxe4 46.Ne3 b5 
47.Kc3 Be6 48.Rf3 Rh4 49.Rf2 Ra4 50.Kb2 Re4 51.Rf3 Rh4 52.Rf2 Rh3 53.Re2 
g5 54.Kc1 Kf6 55.Kd2 Rh4 56.Kc3 Ra4 57.Kb2 Re4 58.Kc3 Ke5 59.Kd2 g4 60.Rf2
Rd4+ 61.Kc3 Ke4 62.Nf1 Rd3+ 63.Kc2 Rxa3 64.Ng3+ Kd5 65.Kb2 b4 66.Ne2 Kc6 
67.Rf6 Ra2+ 0-1

[Event "44th Bosna it"]
[Site "Sarajevo BIH"]
[Date "2014.06.01"]
[Round "4.2"]
[White "Yilmaz, Mustafa"]
[Black "Kozul, Zdenko"]
[Result "1-0"]
[WhiteElo "2564"]
[BlackElo "2595"]
[EventDate "2014.05.30"]
[PlyCount "153"]

1.d4 Nf6 2.c4 g6 3.Nc3 Bg7 4.e4 d6 5.Nf3 O-O 6.h3 Na6 7.Bg5 c6 8.Qd2 e5 9.
O-O-O Qc7 10.Kb1 Re8 11.Bd3 exd4 12.Nxd4 Nc5 13.f3 Nxd3 14.Qxd3 Nd7 15.g4 
a5 16.h4 h6 17.Be3 Ne5 18.Qe2 a4 19.h5 g5 20.Nf5 Bxf5 21.gxf5 Kh7 22.f4 
gxf4 23.Bxf4 a3 24.b3 Qe7 25.Rh3 Rg8 26.Bc1 Qf6 27.Rg1 Bf8 28.Rxg8 Kxg8 
29.Bd2 Bg7 30.Be1 Qe7 31.Rg3 Kh7 32.Qg2 Bf6 33.Bd2 Nd7 34.Kc2 Be5 35.Rg4 
Qf8 36.Qf3 Bf6 37.Rg2 Qe7 38.Rg3 Nc5 39.Rg4 Qe5 40.Qg3 Qxg3 41.Rxg3 Be5 
42.Rg4 Nd7 43.Kd3 Nf6 44.Rg1 Nxh5 45.Ne2 Nf6 46.Rh1 Ng4 47.Rh4 Rg8 48.Bc1 
Bb2 49.Bf4 Bf6 50.Rh5 Ne5+ 51.Kc2 Bg5 52.Bg3 Kg7 53.c5 Nd7 54.cxd6 Re8 55.
Nc3 Nf6 56.Rh2 Nd7 57.Re2 Bf6 58.Nb1 h5 59.Bf4 Be5 60.Rg2+ Kh7 61.Bxe5 
Rxe5 62.Kd3 Ra5 63.Nd2 Ne5+ 64.Kd4 Nd7 65.Nc4 Ra8 66.e5 Re8 67.Re2 b5 68.
Nd2 c5+ 69.Kd5 Rc8 70.e6 Nf6+ 71.Ke5 Ng4+ 72.Kf4 fxe6 73.fxe6 Rf8+ 74.Kg3 
Nf6 75.Ne4 Nd5 76.Rd2 Ne3 77.e7 1-0